|
|
|
|
| LEADER |
00000cam a2200000Mu 4500 |
| 001 |
EBOOKCENTRAL_on1058397721 |
| 003 |
OCoLC |
| 005 |
20240329122006.0 |
| 006 |
m o d |
| 007 |
cr |n|---||||| |
| 008 |
160310s1980 riu o 000 0 eng d |
| 040 |
|
|
|a AU@
|b eng
|e pn
|c AU@
|d OCLCO
|d OCLCQ
|d COO
|d EBLCP
|d AU@
|d OCLCQ
|d QGK
|d OCLCO
|d OCLCF
|d VT2
|d OCLCQ
|d OCLCO
|d OCLCQ
|d OCLCO
|
| 066 |
|
|
|c (Q
|
| 019 |
|
|
|a 868211850
|a 922981184
|
| 020 |
|
|
|a 9781470406387
|
| 020 |
|
|
|a 1470406381
|
| 020 |
|
|
|a 0821822349
|q (Trade Paper)
|
| 020 |
|
|
|a 9780821822340
|
| 029 |
1 |
|
|a AU@
|b 000069466137
|
| 035 |
|
|
|a (OCoLC)1058397721
|z (OCoLC)868211850
|z (OCoLC)922981184
|
| 037 |
|
|
|a MEMO/26/234
|b 00001436
|
| 050 |
|
4 |
|a QA251.5 ǂb G66 1980eb
|
| 082 |
0 |
4 |
|a 510 s
|a 512/.4
|
| 049 |
|
|
|a UAMI
|
| 100 |
1 |
|
|a Goodearl, K. R.
|
| 245 |
1 |
0 |
|a Affine Representations of Grothendieck Groups and Applications to Rickart C*-Algebras and Aleph O-Continuous Regular Rings.
|
| 260 |
|
|
|a Providence :
|b American Mathematical Society,
|c 1980.
|
| 300 |
|
|
|a 1 online resource (174 pages)
|
| 336 |
|
|
|a text
|b txt
|2 rdacontent
|
| 337 |
|
|
|a computer
|b c
|2 rdamedia
|
| 338 |
|
|
|a online resource
|b cr
|2 rdacarrier
|
| 490 |
1 |
|
|a Memoirs of the American Mathematical Society ;
|v v. 26
|
| 588 |
0 |
|
|a Print version record.
|
| 505 |
8 |
|
|6 880-01
|a II. 13. Compact Subsets of P(R) -- II. 14. Comparability -- II. 15. The Affine Function Representation of K[sub(O)](R) -- III. Finite Rickart C*-Algebras -- III. 16. Matrix Rings -- III. 17. Hormorphic Images -- IV. Examples -- References -- Index of Definitions.
|
| 590 |
|
|
|a ProQuest Ebook Central
|b Ebook Central Academic Complete
|
| 650 |
|
0 |
|a Associative rings.
|
| 650 |
|
0 |
|a Grothendieck groups.
|
| 650 |
|
0 |
|a Representations of groups.
|
| 650 |
|
0 |
|a C*-algebras.
|
| 650 |
|
0 |
|a Von Neumann regular rings.
|
| 650 |
|
4 |
|a Associative rings.
|
| 650 |
|
4 |
|a C*-algebras.
|
| 650 |
|
4 |
|a Grothendieck groups.
|
| 650 |
|
4 |
|a Representations of groups.
|
| 650 |
|
4 |
|a Von Neumann regular rings.
|
| 650 |
|
6 |
|a Anneaux associatifs.
|
| 650 |
|
6 |
|a Groupes de Grothendieck.
|
| 650 |
|
6 |
|a Représentations de groupes.
|
| 650 |
|
6 |
|a C*-algèbres.
|
| 650 |
|
6 |
|a Anneaux réguliers de Von Neumann.
|
| 650 |
|
7 |
|a Associative rings
|2 fast
|
| 650 |
|
7 |
|a C*-algebras
|2 fast
|
| 650 |
|
7 |
|a Grothendieck groups
|2 fast
|
| 650 |
|
7 |
|a Representations of groups
|2 fast
|
| 650 |
|
7 |
|a Von Neumann regular rings
|2 fast
|
| 700 |
1 |
|
|a Handelman, D. E.
|
| 700 |
1 |
|
|a Lawrence, J. W.
|
| 776 |
0 |
8 |
|i Print version:
|a Goodearl, K.R.
|t Affine Representations of Grothendieck Groups and Applications to Rickart C*-Algebras and Aleph O-Continuous Regular Rings.
|d Providence : American Mathematical Society, ©1980
|z 9780821822340
|
| 830 |
|
0 |
|a Memoirs of the American Mathematical Society.
|
| 856 |
4 |
0 |
|u https://ebookcentral.uam.elogim.com/lib/uam-ebooks/detail.action?docID=3113651
|z Texto completo
|
| 880 |
0 |
|
|6 505-01/(Q
|a Table of Contents -- Introduction -- I. Partially Ordered Abelian Groups with Countable Interpolation -- I.1. Interpolation and Countable Interpolation -- I.2. State Spaces -- I.3. Projection Bases -- I.4. Dedekind ѕ́æ℗іComplete Lattice℗іOrdered Groups -- I.5. Archimedean Groups -- I.6. Norm-Completeness -- I.7. Quotient Groups, Directed Convex Subgroups, and Closed Faces -- I.8. Compact Sets of Extreme States -- I.9. The Affine Function Representations -- II. ѕ́æ℗іContinuous Regular Rings -- II. 10. K[sub(O)] of Unit-Regular Rings -- II. 11. ѕ́æ℗іContinuity -- II. 12. Countable Interpolation.
|
| 938 |
|
|
|a ProQuest Ebook Central
|b EBLB
|n EBL3113651
|
| 994 |
|
|
|a 92
|b IZTAP
|